<?xml version="1.0" encoding="UTF-8"?>
<record
    xmlns:xsi="http://www.w3.org/2001/XMLSchema-instance"
    xsi:schemaLocation="http://www.loc.gov/MARC21/slim http://www.loc.gov/standards/marcxml/schema/MARC21slim.xsd"
    xmlns="http://www.loc.gov/MARC21/slim">

  <leader>01027nam a2200181Ia 4500</leader>
  <controlfield tag="008">121028s9999    xx            000 0 und d</controlfield>
  <datafield tag="020" ind1=" " ind2=" ">
    <subfield code="a">968-439-898-0 (V.1) \ 968-439-893-X (V.2)</subfield>
  </datafield>
  <datafield tag="050" ind1=" " ind2=" ">
    <subfield code="a">QD33 F86 1999</subfield>
  </datafield>
  <datafield tag="245" ind1=" " ind2=" ">
    <subfield code="a">Fundamentos de qu&#xED;mica : tronco com&#xFA;n del bachillerato / Glafira &#xC1;ngeles Ocampo...[et al.]</subfield>
  </datafield>
  <datafield tag="250" ind1=" " ind2=" ">
    <subfield code="a">5a ed.</subfield>
  </datafield>
  <datafield tag="260" ind1=" " ind2=" ">
    <subfield code="a">M&#xE9;xico : Cultural</subfield>
  </datafield>
  <datafield tag="300" ind1=" " ind2=" ">
    <subfield code="a">2 v.</subfield>
  </datafield>
  <datafield tag="440" ind1=" " ind2=" ">
    <subfield code="a">Ense&#xF1;anza media superior</subfield>
  </datafield>
  <datafield tag="500" ind1=" " ind2=" ">
    <subfield code="a">Incluyen &#xED;ndices y bibliograf&#xED;a</subfield>
  </datafield>
  <datafield tag="505" ind1=" " ind2=" ">
    <subfield code="a">Introducci&#xF3;n V. 1 1. Materia 2. Estructura at&#xF3;mica 3. Tabla peri&#xF3;dica 4. Enlace qu&#xED;mico 5. Nomenclatura qu&#xED;mica inorg&#xE1;nica 6. Reacciones qu&#xED;micas inorg&#xE1;nicas V. 2 1. Balanceo de ecuaciones qu&#xED;micas 2. Estado gaseoso 3. Estequiometr&#xED;a 4. Soluci</subfield>
  </datafield>
  <datafield tag="650" ind1=" " ind2=" ">
    <subfield code="a">Qu&#xED;mica - Estudio y ense&#xF1;anza \ 2. Qu&#xED;mica - Problemas, ejercicios, etc.</subfield>
  </datafield>
  <datafield tag="700" ind1=" " ind2=" ">
    <subfield code="a">Ocampo, Glafira &#xC1;ngeles, coaut. \ II. Fabila Guti&#xE9;rrez, Froyl&#xE1;n, coaut. \ III. Ju&#xE1;rez Calder&#xF3;n, Jos&#xE9; Manuel, coaut. \ IV. Ram&#xED;rez Regalado, V&#xED;ctor Manuel, coaut.&#xCC;</subfield>
  </datafield>
  <datafield tag="952" ind1=" " ind2=" ">
    <subfield code="0">0</subfield>
    <subfield code="1">0</subfield>
    <subfield code="4">0</subfield>
    <subfield code="7">0</subfield>
    <subfield code="a">14</subfield>
    <subfield code="b">14</subfield>
    <subfield code="d">2009-09-23</subfield>
    <subfield code="l">2</subfield>
    <subfield code="o">QD33 F86 1999</subfield>
    <subfield code="p">14 000070</subfield>
    <subfield code="r">2018-11-21</subfield>
    <subfield code="s">2018-11-21</subfield>
    <subfield code="t">1</subfield>
    <subfield code="w">2012-10-28</subfield>
    <subfield code="y">LB</subfield>
  </datafield>
  <datafield tag="952" ind1=" " ind2=" ">
    <subfield code="0">0</subfield>
    <subfield code="1">0</subfield>
    <subfield code="4">0</subfield>
    <subfield code="7">0</subfield>
    <subfield code="a">14</subfield>
    <subfield code="b">14</subfield>
    <subfield code="d">2009-09-23</subfield>
    <subfield code="l">0</subfield>
    <subfield code="o">QD33 F86 1999</subfield>
    <subfield code="p">14 000151</subfield>
    <subfield code="r">2012-10-28</subfield>
    <subfield code="t">1</subfield>
    <subfield code="w">2012-10-28</subfield>
    <subfield code="y">LB</subfield>
  </datafield>
  <datafield tag="999" ind1=" " ind2=" ">
    <subfield code="c">85174</subfield>
    <subfield code="d">85174</subfield>
  </datafield>
</record>
